书目信息 |
| 题名: |
摩擦学原理和应用
|
|
| 作者: | Morre , 摩尔 著 ;黄文治 译 | |
| 分册: | ||
| 出版信息: | 北京 机械工业出版社 1982 |
|
| 页数: | 242页 | |
| 开本: | 25cm | |
| 丛书名: | 材料科学与工艺学国际丛书 | |
| 单 册: | ||
| 中图分类: | TH117.1 | |
| 科图分类: | ||
| 主题词: | 摩擦学 | |
| 电子资源: | ||
| ISBN: | ||
| 000 | 00935nam2 2200301 45 | |
| 001 | 0182011018 | |
| 005 | 20060820110251.00 | |
| 010 | @dCNY1.60 | |
| 091 | @a15033.5208 | |
| 100 | @a19950128d1982 em y0chiy0121 ea | |
| 101 | 1 | @achi@ceng |
| 102 | @aCN@b110000 | |
| 105 | @ay z 000yy | |
| 200 | 10 | @a摩擦学原理和应用@Amo ca xue yuan li he ying yong@f(英)摩尔(D.F. Moore)著@g黄文治等译 |
| 210 | @a北京@c机械工业出版社@d1982 | |
| 215 | @a242页@d25cm | |
| 225 | 2 | @a材料科学与工艺学国际丛书@h第14卷 |
| 300 | @a书名原文:Principles and applications of tribology | |
| 410 | 0 | @120010@a材料科学与工艺学国际丛书 |
| 510 | 1 | @aPrinciples and applications of tribology@zeng |
| 606 | @a摩擦学 | |
| 690 | @aTH117.1@v3 | |
| 701 | A1 | @aMorre@AMorre@bD.F.@4著 |
| 701 | 1 | @a摩尔@Amo er@bD.F.@4著 |
| 702 | 0 | @a黄文治@Ahuang wen zhi@4译 |
| 801 | 2 | @aCN@bNLC@c20060820 |
| 801 | 0 | @aCN@bTSSF@c20060812 |
| 905 | @a10447@dTH117.1@e27 | |
| 摩擦学原理和应用/(英)摩尔(D.F. Moore)著/黄文治等译.-北京:机械工业出版社,1982 |
| 242页;25cm.-(材料科学与工艺学国际丛书.第14卷) |
| 书名原文:Principles and applications of tribology |
| ISBN :CNY1.60 |
| ● |
| 相关链接 |
|
|
|
|
正题名:摩擦学原理和应用
索取号:TH117.1/27
 
预约/预借
| 序号 | 登录号 | 条形码 | 馆藏地/架位号 | 状态 | 备注 |
| 1 | 0438347 | 204383470 | 密集书库/ [索取号:TH117.1/27] | 在馆 | |
| 2 | 0452410 | 204524103 | 密集书库/ [索取号:TH117.1/27] | 在馆 | |
| 3 | 0470337 | 204703375 | 密集书库/ [索取号:TH117.1/27] | 在馆 |